000 01395cam a2200241 4500
001 ABS66545
008 030318n2003 000 0 eng u
035 _a(Sirsi) u121648
245 _aAlderney Estates Ltd v SoS Transport and another
260 _c2003
490 _aEstates Gazette Case Summaries
_v[2003] 10 EG 163 (CS)
490 _aJournal of Planning and Environment Law
_v[2003] JPL 744-753(8)
520 _aCA, 21 February 2003. Appeal by the SoS against the judge's decision to overturn the SoS's refusal of planning permission for a residential development on a greenfield site. Planning permission was refused on the grounds that brownfield land should be developed before greenfield, in accordance with PPG3 para 32. The judge held that the SoS had misinterpreted para 32 which had to be read subject tothe para 34 guidance. The SoS appealed on the issue of the correct interpretation of para 32. "Held": appeal allowed on the grounds that it was for the decision maker in each individual case to attach the necessary weight to the para 34 consideration to provide sufficient housing land.
590 _aABS
650 _aPPG3
650 _aGREENFIELD SITES
650 _aALDERNEY ESTATES V SOS TRANSPORT
650 _aPLANNING PERMISSION
650 _aBROWNFIELD LAND
650 _aRESIDENTIAL DEVELOPMENT
690 _aPlanning and development
_96259
942 _n0
999 _c72309
_d72309